000
00287nam a2200097Ia 4500
082
_a
T 305.235
245
0
_a
Frequently asked questions about peer pressure
100
_a
Juzwiak, Richard New York, 2009 1st ed
_9
76368
942
_c
BK
008
210817s9999 xx 000 0 und d
999
_c
253872
_d
253871